| 000 | 00660nam a2200217 4500 | ||
|---|---|---|---|
| 003 | OSt | ||
| 005 | 20240719053848.0 | ||
| 006 | a | ||
| 008 | 240719b |||||||| |||| 00| 0 eng d | ||
| 020 | _a0130291498 | ||
| 040 |
_aDWCL-Main lib. _cOC |
||
| 082 | _aCirc. 620.0042 L816t 2002 | ||
| 100 | _aLockhart, Shawna D. | ||
| 245 | _aA tutorial guide to mechanical desktop 5 / | ||
| 260 |
_aN. J. : _bPrentice Hall, _cc2002. |
||
| 300 |
_axv, _b406 p. : ill. ; _c26 cm. |
||
| 504 | _aIncludes bibliographical references & index. | ||
| 650 | _a1. Engineering design-Graphic method. | ||
| 650 | _a2. Engineering graphics. | ||
| 942 |
_2ddc _n0 _cBK-CIRC _kCirc. |
||
| 999 |
_c2437 _d2437 |
||